[Event "EYCC 2017"]
[Site "Mamaia"]
[Date "2017.09.12"]
[Round "7"]
[White "Svergina, Sofya"]
[Black "Zubkovskaya, Ekaterina"]
[Result "1-0"]
[WhiteElo "1472"]
[BlackElo "1399"]
[Annotator "NA RC"]
[PlyCount "131"]
[EventDate "2017.??.??"]
[EventType "swiss"]
[EventCountry "ROU"]
[SourceTitle "playchess.com"]
[Source "ChessBase"]
[SourceQuality "1"]
[TimeControl "40/5400+30:1800+30"]

1. e4 {[%emt 0:00:00]} c5 {[%emt 0:00:09]} 2. Nf3 {[%emt 0:00:00]} d6 {[%emt 0:00:10]} 3. d4 {[%emt 0:00:00]} cxd4 {[%emt 0:00:12]} 4. Nxd4 {[%emt 0:00:04]} Nf6 {[%emt 0:00:14]} 5. Nc3 {[%emt 0:00:10]} a6 {[%emt 0:00:07]} 6. Be3 {[%emt 0:00:05]} Ng4 {[%emt 0:00:09]} 7. Bg5 {[%emt 0:00:35]} h6 {[%emt 0:00:22]} 8. Bh4 {[%emt 0:00:35]} g5 {[%emt 0:00:08]} 9. Bg3 {[%emt 0:00:05]} Bg7 {[%emt 0:00:07]} 10. h3 {[%emt 0:01:41]} Ne5 {[%emt 0:00:11]} 11. Be2 {[%emt 0:03:11]} Nbc6 {[%emt 0:00:15]} 12. Nxc6 {[%emt 0:00:56]} bxc6 {[%emt 0:00:48]} 13. Bxe5 {[%emt 0:09:23]} Bxe5 {[%emt 0:00:12]} 14. Qd3 {[%emt 0:08:31]} Rb8 {[%emt 0:00:57]} 15. Rb1 {[%emt 0:00:35]} Qa5 {[%emt 0:04:27]} 16. O-O {[%emt 0:00:16]} h5 {[%emt 0:09:16]} 17. Qc4 {[%emt 0:10:27]} Qc7 {[%emt 0:00:25]} 18. Qd3 {[%emt 0:07:08]} g4 {[%emt 0:03:51]} 19. h4 {[%emt 0:00:05]} Bf6 {[%emt 0:02:21]} 20. Qg3 {[%emt 0:01:20]} Qa7 {[%emt 0:16:00]} 21. Kh1 {[%emt 0:09:11]} Be6 {[%emt 0:01:18]} 22. a3 {[%emt 0:04:16]} Bc8 {[%emt 0:06:50]} 23. Rfd1 {[%emt 0:10:13]} Bd7 {[%emt 0:01:17]} 24. Bc4 {[%emt 0:03:59]} a5 {[%emt 0:00:59]} 25. Bb3 {[%emt 0:03:45]} Qc5 {[%emt 0:01:56]} 26. Na4 {[%emt 0:03:00]} Qe5 {[%emt 0:00:28]} 27. Qxe5 {[%emt 0:00:20]} Bxe5 {[%emt 0:00:13]} 28. g3 {[%emt 0:00:38]} f5 {[%emt 0:00:37]} 29. exf5 {[%emt 0:01:47]} Bxf5 {[%emt 0:00:42]} 30. Kg1 {[%emt 0:01:25]} Kd7 {[%emt 0:01:16]} 31. Nc5+ {[%emt 0:00:49]} Ke8 {[%emt 0:01:14]} 32. Nd3 {[%emt 0:00:41]} Bf6 {[%emt 0:00:27]} 33. Kf1 {[%emt 0:01:14]} Be4 {[%emt 0:01:52]} 34. Nf4 {[%emt 0:01:21]} Bf3 {[%emt 0:01:17]} 35. Rd2 {[%emt 0:00:31]} Be5 {[%emt 0:03:14]} 36. Ng6 {[%emt 0:00:27]} Rg8 {[%emt 0:00:34]} 37. Bxg8 {[%emt 0:00:16]} Bc3 {[%emt 0:00:52]} 38. Rd3 {[%emt 0:00:44]} Bf6 {[%emt 0:00:28]} 39. Nf4 {[%emt 0:00:44]} Be4 {[%emt 0:00:28]} 40. Rd2 {[%emt 0:00:00]} Bc3 {[%emt 0:00:47]} 41. Re2 {[%emt 0:01:57]} Bf3 {[%emt 0:00:19]} 42. Re3 {[%emt 0:00:35]} Bd4 {[%emt 0:00:32]} 43. Re6 {[%emt 0:00:32]} Kd7 {[%emt 0:00:43]} 44. Bf7 {[%emt 0:00:53]} Rf8 {[%emt 0:02:55]} 45. Bxh5 {[%emt 0:00:12]} Be5 {[%emt 0:00:10]} 46. Re1 {[%emt 0:02:03]} Bd5 {[%emt 0:01:18]} 47. Rg6 {[%emt 0:01:42]} Bc4+ {[%emt 0:00:18]} 48. Kg1 {[%emt 0:00:11]} Bxf4 {[%emt 0:01:09]} 49. gxf4 {[%emt 0:00:06]} Rxf4 {[%emt 0:00:15]} 50. Rxg4 {[%emt 0:00:10]} Rxg4+ {[%emt 0:00:47]} 51. Bxg4+ {[%emt 0:00:07]} Kd8 {[%emt 0:00:32]} 52. h5 {[%emt 0:00:08]} Bg8 {[%emt 0:00:18]} 53. Bf5 {[%emt 0:00:05]} Ke8 {[%emt 0:00:14]} 54. h6 {[%emt 0:00:07]} Kf8 {[%emt 0:00:17]} 55. h7 {[%emt 0:00:06]} Bxh7 {[%emt 0:00:09]} 56. Bxh7 {[%emt 0:00:05]} Kf7 {[%emt 0:00:14]} 57. b4 {[%emt 0:00:10]} axb4 {[%emt 0:00:11]} 58. a4 {[%emt 0:00:18]} Ke8 {[%emt 0:00:19]} 59. a5 {[%emt 0:00:04]} Kd8 {[%emt 0:00:07]} 60. Rxe7 {[%emt 0:00:22]} Kc8 {[%emt 0:00:08]} 61. a6 {[%emt 0:00:08]} Kb8 {[%emt 0:00:08]} 62. a7+ {[%emt 0:00:09]} Ka8 {[%emt 0:00:08]} 63. Be4 {[%emt 0:00:12]} d5 {[%emt 0:00:06]} 64. Bf5 {[%emt 0:00:04]} b3 {[%emt 0:00:15]} 65. Bd7 {[%emt 0:00:08]} c5 {[%emt 0:00:19]} 66. Bc6# 1-0

[Event "EYCC 2017"]
[Site "Mamaia"]
[Date "2017.09.12"]
[Round "7"]
[White "Fileru, Maria"]
[Black "Chicarosie, Ioana-Bianca"]
[Result "1/2-1/2"]
[WhiteElo "1371"]
[BlackElo "1565"]
[Annotator "NA RC"]
[PlyCount "119"]
[EventDate "2017.??.??"]
[EventType "swiss"]
[EventCountry "ROU"]
[SourceTitle "playchess.com"]
[Source "ChessBase"]
[SourceQuality "1"]
[TimeControl "40/5400+30:1800+30"]

1. d4 f5 2. Nc3 Nf6 3. Bg5 d5 4. Bxf6 exf6 5. e3 Be6 6. Bb5+ Nd7 7. Qf3 c6 8. Bd3 g6 9. Nge2 Qc7 10. Nf4 Bf7 11. h3 Bd6 12. g4 fxg4 13. hxg4 Bxf4 14. Qxf4 Qxf4 15. exf4 O-O-O 16. O-O-O Rde8 17. Rde1 Rxe1+ 18. Rxe1 Re8 19. Rxe8+ Bxe8 20. Ne2 c5 21. c3 c4 22. Bc2 h5 23. f5 g5 24. Bd1 h4 25. f4 Kc7 26. fxg5 fxg5 27. Ng1 Nf6 28. Nh3 Nh7 29. Kd2 Kd6 30. Ke3 Ke7 31. Bc2 Kf6 32. Bd1 Nf8 33. Bc2 Bc6 34. Ng1 Nd7 35. Nf3 b5 36. b4 a6 37. Ke2 Bb7 38. a4 Bc6 39. a5 Bb7 40. Ke3 Bc6 41. Ke2 Bb7 42. Ke3 Bc6 43. Ke2 Bb7 44. Ke3 Nb8 45. Ne5 Nc6 46. Nxc6 Bxc6 47. Kf3 Bd7 48. Kg2 Bc6 49. Kh3 Bd7 50. Kg2 Bc6 51. Kh3 Bd7 52. Kg2 Bc6 53. Kh3 Bd7 54. Kg2 h3+ 55. Kxh3 Bc6 56. Kg3 Bd7 57. Kf3 Bc6 58. Kg3 Bd7 59. Kf3 Bc6 60. Kg3 1/2-1/2

[Event "EYCC 2017"]
[Site "Mamaia"]
[Date "2017.09.12"]
[Round "7"]
[White "Mustu, Hatice Asli"]
[Black "Poliato, Irina"]
[Result "1-0"]
[WhiteElo "1365"]
[BlackElo "1569"]
[Annotator "NA RC"]
[PlyCount "83"]
[EventDate "2017.??.??"]
[EventType "swiss"]
[EventCountry "ROU"]
[SourceTitle "playchess.com"]
[Source "ChessBase"]
[SourceQuality "1"]
[TimeControl "40/5400+30:1800+30"]

1. d4 {[%emt 0:00:00]} d5 {[%emt 0:00:04]} 2. Bf4 {[%emt 0:00:00]} Nf6 {[%emt 0:00:06]} 3. e3 {[%emt 0:00:00]} c5 {[%emt 0:00:57]} 4. c3 {[%emt 0:00:07]} Qb6 {[%emt 0:00:44]} 5. Qb3 {[%emt 0:00:12]} c4 {[%emt 0:00:49]} 6. Qc2 {[%emt 0:00:09]} Nc6 {[%emt 0:00:47]} 7. Nd2 {[%emt 0:00:10]} g6 {[%emt 0:00:46]} 8. Ngf3 {[%emt 0:01:44]} Bf5 {[%emt 0:01:08]} 9. Qc1 {[%emt 0:00:51]} Bg7 {[%emt 0:02:07]} 10. Be2 {[%emt 0:01:23]} O-O {[%emt 0:00:29]} 11. h3 {[%emt 0:00:38]} Rfe8 {[%emt 0:05:11]} 12. O-O {[%emt 0:03:14]} Ne4 {[%emt 0:13:48]} 13. Nxe4 {[%emt 0:01:21]} Bxe4 {[%emt 0:00:06]} 14. Nd2 {[%emt 0:00:37]} Bf5 {[%emt 0:00:34]} 15. e4 {[%emt 0:01:14]} Bxe4 {[%emt 0:04:28]} 16. Nxe4 {[%emt 0:00:13]} dxe4 {[%emt 0:00:05]} 17. Bxc4 {[%emt 0:00:40]} e5 {[%emt 0:05:13]} 18. dxe5 {[%emt 0:02:11]} Bxe5 {[%emt 0:06:17]} 19. Be3 {[%emt 0:03:41]} Qc7 {[%emt 0:00:27]} 20. Re1 {[%emt 0:06:54]} Kh8 {[%emt 0:07:32]} 21. Bg5 {[%emt 0:04:02]} f6 {[%emt 0:03:37]} 22. Be3 {[%emt 0:00:38]} Rad8 {[%emt 0:04:20]} 23. Kh1 {[%emt 0:20:18]} a6 {[%emt 0:09:43]} 24. Bb3 {[%emt 0:05:04]} Na5 {[%emt 0:08:08]} 25. Bc2 {[%emt 0:02:01]} f5 {[%emt 0:00:18]} 26. Bg5 {[%emt 0:01:15]} Rd7 {[%emt 0:02:39]} 27. Rd1 {[%emt 0:03:40]} Rxd1+ {[%emt 0:03:28]} 28. Qxd1 {[%emt 0:00:16]} Nc4 {[%emt 0:01:35]} 29. Rb1 {[%emt 0:01:17]} Re6 {[%emt 0:06:29]} 30. Bb3 {[%emt 0:02:14]} Rd6 {[%emt 0:00:57]} 31. Qe2 {[%emt 0:00:26]} Na5 {[%emt 0:01:19]} 32. f3 {[%emt 0:00:29]} Nxb3 {[%emt 0:02:20]} 33. axb3 {[%emt 0:00:10]} Qd7 {[%emt 0:02:36]} 34. Rf1 {[%emt 0:00:46]} Re6 {[%emt 0:03:21]} 35. fxe4 {[%emt 0:03:38]} Bg7 {[%emt 0:02:06]} 36. Rd1 {[%emt 0:00:18]} Qf7 {[%emt 0:01:36]} 37. Qc4 {[%emt 0:06:56]} Bf6 {[%emt 0:01:19]} 38. Rd6 {[%emt 0:01:22]} Bxg5 {[%emt 0:00:58]} 39. Qxe6 {[%emt 0:00:21]} Qxe6 {[%emt 0:00:08]} 40. Rxe6 {[%emt 0:00:00]} Bc1 {[%emt 0:00:39]} 41. exf5 {[%emt 0:00:13]} gxf5 {[%emt 0:00:06]} 42. Re2 1-0

[Event "EYCC 2017"]
[Site "Mamaia"]
[Date "2017.09.12"]
[Round "7"]
[White "Camlar, Arda"]
[Black "Vetokhin, Savva"]
[Result "1-0"]
[WhiteElo "1361"]
[BlackElo "1703"]
[Annotator "NA RC"]
[PlyCount "97"]
[EventDate "2017.??.??"]
[EventType "swiss"]
[EventCountry "ROU"]
[SourceTitle "playchess.com"]
[Source "ChessBase"]
[SourceQuality "1"]
[TimeControl "40/5400+30:1800+30"]

1. e4 {[%emt 0:00:00]} c5 {[%emt 0:00:13]} 2. Nf3 {[%emt 0:00:00]} Nc6 {[%emt 0:00:06]} 3. Bb5 {[%emt 0:00:00]} Nf6 {[%emt 0:00:51]} 4. e5 {[%emt 0:02:31]} Nd5 {[%emt 0:00:09]} 5. c4 {[%emt 0:03:41]} Ndb4 {[%emt 0:02:11]} 6. O-O {[%emt 0:00:28]} Nd3 {[%emt 0:00:30]} 7. Qe2 {[%emt 0:03:42]} Nxc1 {[%emt 0:00:19]} 8. Rxc1 {[%emt 0:00:11]} g6 {[%emt 0:01:02]} 9. Nc3 {[%emt 0:01:30]} Bg7 {[%emt 0:01:13]} 10. Qe3 {[%emt 0:07:20]} b6 {[%emt 0:02:35]} 11. Bxc6 {[%emt 0:04:54]} dxc6 {[%emt 0:00:09]} 12. d4 {[%emt 0:00:09]} cxd4 {[%emt 0:00:58]} 13. Nxd4 {[%emt 0:00:10]} Qc7 {[%emt 0:04:32]} 14. f4 {[%emt 0:02:19]} O-O {[%emt 0:04:50]} 15. b4 {[%emt 0:14:29]} Bb7 {[%emt 0:04:52]} 16. a4 {[%emt 0:14:28]} c5 {[%emt 0:01:29]} 17. Ndb5 {[%emt 0:00:15]} Qc6 {[%emt 0:00:45]} 18. Nd5 {[%emt 0:00:37]} Kh8 {[%emt 0:01:01]} 19. Nbc7 {[%emt 0:08:17]} Rac8 {[%emt 0:04:41]} 20. Nb5 {[%emt 0:00:40]} Ra8 {[%emt 0:01:39]} 21. Qh3 {[%emt 0:03:33]} a6 {[%emt 0:03:59]} 22. Nbc7 {[%emt 0:01:24]} e6 {[%emt 0:02:43]} 23. Nxa8 {[%emt 0:00:59]} Rxa8 {[%emt 0:00:33]} 24. b5 {[%emt 0:00:33]} Qd7 {[%emt 0:01:46]} 25. Rd1 {[%emt 0:02:46]} Rd8 {[%emt 0:01:53]} 26. Nc3 {[%emt 0:00:37]} Qc7 {[%emt 0:00:57]} 27. Rxd8+ {[%emt 0:00:17]} Qxd8 {[%emt 0:00:06]} 28. Rd1 {[%emt 0:00:09]} Qe7 {[%emt 0:00:25]} 29. Qd3 {[%emt 0:00:14]} axb5 {[%emt 0:05:14]} 30. axb5 {[%emt 0:00:14]} Bc8 {[%emt 0:01:17]} 31. Qd8+ {[%emt 0:00:11]} Bf8 {[%emt 0:02:18]} 32. Qxe7 {[%emt 0:00:42]} Bxe7 {[%emt 0:00:10]} 33. Ne4 {[%emt 0:00:08]} Kg8 {[%emt 0:00:36]} 34. Ra1 {[%emt 0:00:32]} Bb7 {[%emt 0:00:52]} 35. Nd6 {[%emt 0:00:14]} Bxd6 {[%emt 0:04:36]} 36. exd6 {[%emt 0:00:11]} Kf8 {[%emt 0:00:47]} 37. Ra6 {[%emt 0:01:30]} Ke8 {[%emt 0:01:43]} 38. Rxb6 {[%emt 0:00:17]} Be4 {[%emt 0:02:15]} 39. Rb8+ {[%emt 0:00:50]} Kd7 {[%emt 0:00:09]} 40. Rf8 {[%emt 0:00:00]} Kxd6 {[%emt 0:00:23]} 41. Rxf7 {[%emt 0:00:23]} Bd3 {[%emt 0:00:23]} 42. b6 {[%emt 0:00:15]} Bxc4 {[%emt 0:00:07]} 43. b7 {[%emt 0:00:09]} Be2 {[%emt 0:06:48]} 44. b8=Q+ {[%emt 0:00:35]} Kd5 {[%emt 0:01:20]} 45. Qe5+ {[%emt 0:00:12]} Kc4 {[%emt 0:04:19]} 46. Qxe2+ {[%emt 0:00:35]} Kc3 {[%emt 0:08:31]} 47. Rd7 {[%emt 0:00:20]} c4 {[%emt 0:00:42]} 48. Qd2+ {[%emt 0:00:08]} Kb3 {[%emt 0:02:22]} 49. Rb7+ 1-0

[Event "EYCC 2017"]
[Site "Mamaia"]
[Date "2017.09.12"]
[Round "7"]
[White "Makridis, Dimitrios"]
[Black "Saridag, Omer Melih"]
[Result "1/2-1/2"]
[WhiteElo "1288"]
[BlackElo "1803"]
[Annotator "NA RC"]
[PlyCount "98"]
[EventDate "2017.??.??"]
[EventType "swiss"]
[EventCountry "ROU"]
[SourceTitle "playchess.com"]
[Source "ChessBase"]
[SourceQuality "1"]
[TimeControl "40/5400+30:1800+30"]

1. e4 {[%emt 0:00:00]} d5 {[%emt 0:00:04]} 2. exd5 {[%emt 0:00:00]} Qxd5 {[%emt 0:00:09]} 3. Nc3 {[%emt 0:00:29]} Qa5 {[%emt 0:00:09]} 4. Nf3 {[%emt 0:00:23]} c6 {[%emt 0:00:48]} 5. d4 {[%emt 0:00:31]} Bf5 {[%emt 0:04:25]} 6. Bc4 {[%emt 0:00:52]} Nf6 {[%emt 0:00:30]} 7. O-O {[%emt 0:01:44]} e6 {[%emt 0:00:17]} 8. Ne5 {[%emt 0:04:19]} Bd6 {[%emt 0:01:26]} 9. f4 {[%emt 0:02:36]} O-O {[%emt 0:01:41]} 10. Be3 {[%emt 0:03:01]} b5 {[%emt 0:05:45]} 11. Bd3 {[%emt 0:04:57]} b4 {[%emt 0:01:17]} 12. Ne2 {[%emt 0:00:45]} Nd5 {[%emt 0:03:54]} 13. Qd2 {[%emt 0:01:52]} f6 {[%emt 0:05:57]} 14. Bxf5 {[%emt 0:02:25]} exf5 {[%emt 0:00:22]} 15. Nc4 {[%emt 0:01:17]} Qc7 {[%emt 0:05:34]} 16. Ng3 {[%emt 0:04:34]} g6 {[%emt 0:00:32]} 17. Nxd6 {[%emt 0:04:05]} Qxd6 {[%emt 0:00:07]} 18. c4 bxc3 19. bxc3 {[%emt 0:04:10]} Nb6 {[%emt 0:01:10]} 20. Qd3 {[%emt 0:01:55]} Qd5 {[%emt 0:00:17]} 21. Rfe1 {[%emt 0:03:48]} N8d7 {[%emt 0:00:33]} 22. Bc1 {[%emt 0:03:05]} Rfe8 {[%emt 0:01:33]} 23. Bd2 {[%emt 0:10:55]} Nc5 {[%emt 0:07:27]} 24. Qc2 {[%emt 0:02:18]} Ne4 {[%emt 0:00:27]} 25. Nf1 {[%emt 0:01:26]} Nc4 {[%emt 0:02:54]} 26. Ne3 {[%emt 0:02:20]} Nxe3 {[%emt 0:00:40]} 27. Rxe3 {[%emt 0:02:13]} c5 {[%emt 0:04:04]} 28. Rd3 {[%emt 0:02:07]} c4 {[%emt 0:06:46]} 29. Re3 {[%emt 0:01:50]} Reb8 {[%emt 0:01:01]} 30. Ree1 {[%emt 0:07:11]} Rb5 {[%emt 0:01:28]} 31. Rab1 {[%emt 0:02:50]} Rab8 {[%emt 0:01:16]} 32. Rxb5 {[%emt 0:03:18]} Qxb5 {[%emt 0:00:10]} 33. Bc1 {[%emt 0:00:43]} Rb6 {[%emt 0:06:31]} 34. Ba3 {[%emt 0:02:20]} Kg7 {[%emt 0:09:24]} 35. h3 {[%emt 0:00:57]} Kf7 {[%emt 0:04:28]} 36. Rd1 {[%emt 0:00:41]} Qd5 {[%emt 0:04:04]} 37. Rb1 {[%emt 0:01:27]} Rxb1+ {[%emt 0:10:25]} 38. Qxb1 {[%emt 0:00:13]} Kg7 {[%emt 0:03:40]} 39. Qb4 {[%emt 0:01:35]} Qf7 {[%emt 0:02:25]} 40. d5 {[%emt 0:00:00]} Qe8 {[%emt 0:01:32]} 41. d6 {[%emt 0:06:06]} Ng3 {[%emt 0:01:41]} 42. Qb7+ {[%emt 0:02:02]} Kg8 {[%emt 0:04:36]} 43. Qb1 {[%emt 0:05:21]} Qe3+ {[%emt 0:01:28]} 44. Kh2 {[%emt 0:00:42]} Qxf4 {[%emt 0:02:50]} 45. d7 {[%emt 0:04:42]} Ne2+ {[%emt 0:00:33]} 46. Kh1 {[%emt 0:00:17]} Ng3+ {[%emt 0:00:03]} 47. Kg1 {[%emt 0:01:03]} Ne2+ {[%emt 0:00:06]} 48. Kh1 {[%emt 0:00:09]} Ng3+ {[%emt 0:00:07]} 49. Kh2 {[%emt 0:00:50]} Ne2+ {[%emt 0:00:06]} 1/2-1/2

[Event "EYCC 2017"]
[Site "Mamaia"]
[Date "2017.09.12"]
[Round "7"]
[White "Hajdu, Marton Abris"]
[Black "Bartodziej, Bartosz"]
[Result "0-1"]
[WhiteElo "1280"]
[BlackElo "1402"]
[Annotator "NA"]
[PlyCount "112"]
[EventDate "2017.??.??"]
[EventType "swiss"]
[EventCountry "ROU"]
[SourceTitle "playchess.com"]
[Source "ChessBase"]
[SourceQuality "1"]
[TimeControl "40/5400+30:1800+30"]

1. e4 c5 {[%emt 0:00:14]} 2. Nf3 {[%emt 0:00:00]} a6 {[%emt 0:00:20]} 3. c4 {[%emt 0:00:00]} Nc6 {[%emt 0:00:39]} 4. d4 {[%emt 0:00:24]} cxd4 {[%emt 0:01:38]} 5. Nxd4 {[%emt 0:00:12]} e5 {[%emt 0:01:41]} 6. Nc2 {[%emt 0:00:44]} Nf6 {[%emt 0:02:13]} 7. Nc3 {[%emt 0:01:00]} Bc5 {[%emt 0:02:05]} 8. Be3 {[%emt 0:00:50]} Bxe3 {[%emt 0:02:56]} 9. Nxe3 {[%emt 0:00:10]} d6 {[%emt 0:00:48]} 10. Be2 {[%emt 0:02:30]} O-O {[%emt 0:00:50]} 11. O-O {[%emt 0:00:59]} Be6 {[%emt 0:03:47]} 12. b3 {[%emt 0:03:15]} Rc8 {[%emt 0:02:26]} 13. Ncd5 {[%emt 0:01:02]} Nxe4 {[%emt 0:04:11]} 14. Bd3 {[%emt 0:01:34]} Nf6 {[%emt 0:05:01]} 15. Qb1 {[%emt 0:00:32]} h6 {[%emt 0:01:58]} 16. Nxf6+ Qxf6 {[%emt 0:02:35]} 17. Rd1 {[%emt 0:12:16]} Rfd8 {[%emt 0:02:32]} 18. Bf5 {[%emt 0:03:21]} Rc7 {[%emt 0:11:46]} 19. Be4 {[%emt 0:02:35]} Nd4 {[%emt 0:02:47]} 20. Qd3 {[%emt 0:03:05]} Qg5 {[%emt 0:09:38]} 21. Bd5 {[%emt 0:05:49]} Bg4 {[%emt 0:07:00]} 22. Nxg4 {[%emt 0:02:18]} Qxg4 {[%emt 0:00:13]} 23. f3 {[%emt 0:00:49]} Qg5 {[%emt 0:04:32]} 24. Rac1 {[%emt 0:05:01]} Qf5 {[%emt 0:04:39]} 25. Be4 {[%emt 0:01:19]} Qg5 {[%emt 0:01:59]} 26. Bd5 {[%emt 0:00:42]} a5 {[%emt 0:01:49]} 27. Ra1 {[%emt 0:06:09]} b6 {[%emt 0:01:00]} 28. Rac1 {[%emt 0:04:08]} Nf5 {[%emt 0:01:36]} 29. Be4 {[%emt 0:05:52]} Ne3 {[%emt 0:01:01]} 30. Rd2 {[%emt 0:04:23]} Nxg2 {[%emt 0:01:34]} 31. Rxg2 {[%emt 0:04:40]} Qxc1+ {[%emt 0:00:26]} 32. Kf2 {[%emt 0:00:09]} Qb2+ {[%emt 0:00:46]} 33. Kf1 {[%emt 0:01:07]} Qa1+ {[%emt 0:01:12]} 34. Ke2 {[%emt 0:02:09]} Qxa2+ {[%emt 0:00:24]} 35. Kf1 {[%emt 0:00:15]} Qa1+ {[%emt 0:00:24]} 36. Ke2 {[%emt 0:00:11]} Qb2+ {[%emt 0:00:56]} 37. Kf1 {[%emt 0:00:24]} Qd4 {[%emt 0:00:38]} 38. Qb1 {[%emt 0:00:36]} a4 {[%emt 0:01:05]} 39. Bd5 {[%emt 0:00:50]} Kh8 {[%emt 0:05:40]} 40. bxa4 {[%emt 0:00:00]} Ra7 {[%emt 0:01:03]} 41. Rg4 {[%emt 0:08:23]} Qd2 {[%emt 0:04:35]} 42. Qxb6 {[%emt 0:01:22]} Qa5 {[%emt 0:04:44]} 43. Qe3 {[%emt 0:02:50]} Qxa4 {[%emt 0:02:41]} 44. Kg2 {[%emt 0:00:26]} Qc2+ {[%emt 0:00:59]} 45. Kh3 {[%emt 0:00:09]} Ra2 {[%emt 0:08:43]} 46. Qg1 {[%emt 0:00:47]} g5 {[%emt 0:01:50]} 47. Bxf7 Qe2 {[%emt 0:01:40]} 48. Bd5 {[%emt 0:02:28]} Rf8 {[%emt 0:01:46]} 49. Qh1 {[%emt 0:03:23]} Rd2 {[%emt 0:04:13]} 50. Qg1 {[%emt 0:11:31]} Rxf3+ {[%emt 0:01:19]} 51. Bxf3 {[%emt 0:01:04]} Qxf3+ {[%emt 0:00:15]} 52. Qg3 {[%emt 0:01:53]} Qf1+ {[%emt 0:00:22]} 53. Qg2 {[%emt 0:00:07]} Rxg2 {[%emt 0:00:22]} 54. Rxg2 {[%emt 0:00:05]} Kh7 {[%emt 0:00:52]} 55. Kg3 {[%emt 0:00:19]} Qf4+ {[%emt 0:00:15]} 56. Kh3 {[%emt 0:00:22]} Qh4# 0-1

[Event "EYCC 2017"]
[Site "Mamaia"]
[Date "2017.09.12"]
[Round "7"]
[White "Keskinler, Ela"]
[Black "Andries, Alexia"]
[Result "1-0"]
[WhiteElo "1276"]
[BlackElo "1110"]
[Annotator "NA RC"]
[PlyCount "95"]
[EventDate "2017.??.??"]
[EventType "swiss"]
[EventCountry "ROU"]
[SourceTitle "playchess.com"]
[Source "ChessBase"]
[SourceQuality "1"]
[TimeControl "40/5400+30:1800+30"]

1. e4 c5 2. Nf3 e6 3. d4 cxd4 4. Nxd4 a6 5. c4 Qc7 6. Nc3 Nf6 7. a3 Bc5 8. Be2 Bxd4 9. Qxd4 Nc6 10. Qd3 O-O 11. O-O d6 12. Bf4 e5 13. Be3 Be6 14. b4 Ne7 15. Rfd1 Rfd8 16. Rac1 Rac8 17. Na4 Qb8 18. Nb6 Rc6 19. f3 Nc8 20. Na4 Nh5 21. g3 Nf6 22. f4 exf4 23. Bxf4 Ng4 24. Qd4 Qc7 25. h3 Nf6 26. e5 Ne8 27. exd6 Ncxd6 28. c5 Bb3 29. cxd6 Qd7 30. Rxc6 bxc6 31. Nb6 Qe6 32. Bc4 Bxc4 33. Qxc4 Qxc4 34. Nxc4 Nf6 35. Ne5 Kf8 36. Nxc6 Rd7 37. Nb8 Rd8 38. Nxa6 Ke8 39. b5 Kd7 40. Nc5+ Kc8 41. b6 Kb8 42. d7+ Ka8 43. b7+ Ka7 44. b8=Q+ Rxb8 45. Bxb8+ Kxb8 46. d8=Q+ Ka7 47. Qc7+ Ka8 48. Rd8# 1-0

[Event "EYCC 2017"]
[Site "Mamaia"]
[Date "2017.09.12"]
[Round "7"]
[White "Kirtadze, Anastasia"]
[Black "Zavivaeva, Evelina"]
[Result "1/2-1/2"]
[WhiteElo "1193"]
[BlackElo "1406"]
[Annotator "NA RC"]
[PlyCount "122"]
[EventDate "2017.??.??"]
[EventType "swiss"]
[EventCountry "ROU"]
[SourceTitle "playchess.com"]
[Source "ChessBase"]
[SourceQuality "1"]
[TimeControl "40/5400+30:1800+30"]

1. d4 {[%emt 0:00:00]} Nf6 {[%emt 0:00:06]} 2. c4 {[%emt 0:00:16]} e6 {[%emt 0:00:08]} 3. g3 {[%emt 0:00:07]} Bb4+ {[%emt 0:00:14]} 4. Bd2 {[%emt 0:00:11]} Qe7 {[%emt 0:00:05]} 5. Bg2 {[%emt 0:00:13]} Nc6 {[%emt 0:00:10]} 6. d5 {[%emt 0:01:12]} exd5 {[%emt 0:02:43]} 7. cxd5 {[%emt 0:00:32]} Ne5 {[%emt 0:02:16]} 8. Qb3 {[%emt 0:00:40]} Bxd2+ {[%emt 0:04:58]} 9. Nxd2 {[%emt 0:00:36]} d6 10. Ngf3 {[%emt 0:08:47]} Nxf3+ {[%emt 0:06:46]} 11. Nxf3 {[%emt 0:01:31]} O-O {[%emt 0:03:56]} 12. Rc1 {[%emt 0:03:58]} Bf5 {[%emt 0:04:14]} 13. O-O {[%emt 0:00:49]} Be4 {[%emt 0:07:49]} 14. Rfd1 {[%emt 0:04:57]} Rfe8 {[%emt 0:04:22]} 15. Qc4 {[%emt 0:41:20]} c6 {[%emt 0:05:08]} 16. dxc6 {[%emt 0:00:25]} bxc6 {[%emt 0:00:25]} 17. Qd4 {[%emt 0:02:26]} Rad8 {[%emt 0:01:43]} 18. Bf1 {[%emt 0:03:20]} h6 {[%emt 0:05:15]} 19. Rc3 {[%emt 0:02:46]} Qb7 {[%emt 0:04:32]} 20. Rb3 {[%emt 0:00:57]} Qd7 {[%emt 0:04:07]} 21. Ra3 {[%emt 0:01:18]} c5 {[%emt 0:03:21]} 22. Qd2 {[%emt 0:01:13]} Qb7 {[%emt 0:05:17]} 23. Rb3 {[%emt 0:01:25]} Qc7 {[%emt 0:02:45]} 24. Rc3 {[%emt 0:01:00]} Nd5 {[%emt 0:02:32]} 25. Rcc1 {[%emt 0:00:10]} Qb7 {[%emt 0:01:13]} 26. b3 {[%emt 0:01:21]} f6 {[%emt 0:09:53]} 27. Ne1 {[%emt 0:02:01]} Nb6 {[%emt 0:03:36]} 28. f3 {[%emt 0:00:11]} Bg6 {[%emt 0:00:57]} 29. Bg2 {[%emt 0:00:55]} Qe7 {[%emt 0:01:23]} 30. e4 {[%emt 0:00:44]} d5 {[%emt 0:00:15]} 31. exd5 {[%emt 0:00:34]} Rxd5 32. Qc3 {[%emt 0:01:01]} Red8 {[%emt 0:02:30]} 33. Rxd5 {[%emt 0:00:17]} Rxd5 {[%emt 0:00:13]} 34. f4 {[%emt 0:00:33]} Be4 {[%emt 0:01:22]} 35. Qe3 {[%emt 0:00:29]} f5 {[%emt 0:02:14]} 36. g4 {[%emt 0:00:19]} Kf8 {[%emt 0:01:01]} 37. gxf5 {[%emt 0:00:31]} Bxg2 {[%emt 0:00:53]} 38. Nxg2 {[%emt 0:00:11]} Rxf5 {[%emt 0:00:22]} 39. Qxe7+ {[%emt 0:01:04]} Kxe7 {[%emt 0:00:10]} 40. Kf2 {[%emt 0:00:00]} g5 {[%emt 0:00:37]} 41. Kf3 {[%emt 0:02:02]} Kd6 {[%emt 0:01:16]} 42. Rc2 {[%emt 0:11:46]} h5 {[%emt 0:03:29]} 43. h3 {[%emt 0:00:53]} Nd5 {[%emt 0:01:52]} 44. Ke4 {[%emt 0:01:30]} Ke6 {[%emt 0:02:43]} 45. Rxc5 {[%emt 0:01:25]} Nf6+ {[%emt 0:02:36]} 46. Kd4 {[%emt 0:00:24]} gxf4 {[%emt 0:00:31]} 47. Rxf5 {[%emt 0:00:45]} Kxf5 {[%emt 0:00:14]} 48. Ne1 {[%emt 0:00:23]} Ne4 {[%emt 0:00:40]} 49. Nf3 {[%emt 0:01:31]} Nf2 {[%emt 0:01:13]} 50. Ng1 {[%emt 0:01:22]} Ne4 {[%emt 0:05:02]} 51. Nf3 {[%emt 0:01:18]} Ng3 {[%emt 0:01:31]} 52. Ng1 {[%emt 0:00:34]} Nf1 {[%emt 0:00:46]} 53. Nf3 {[%emt 0:01:20]} Ne3 {[%emt 0:00:39]} 54. Nh4+ {[%emt 0:04:49]} Kg5 {[%emt 0:00:42]} 55. Nf3+ {[%emt 0:00:08]} Kf5 {[%emt 0:00:19]} 56. Nh4+ {[%emt 0:00:20]} Kg5 {[%emt 0:00:06]} 57. Nf3+ {[%emt 0:00:06]} Kf5 {[%emt 0:00:12]} 58. Nh4+ {[%emt 0:01:40]} Kg5 {[%emt 0:00:11]} 59. Nf3+ {[%emt 0:00:04]} Kf6 {[%emt 0:03:57]} 60. Ke4 {[%emt 0:02:27]} Ng2 {[%emt 0:00:43]} 61. Ng1 {[%emt 0:00:52]} Ke6 {[%emt 0:04:10]} 1/2-1/2